000 00781nam a2200205 4500
008 011024s1992 us 0 engYA
020 _a1555404642
090 _aBS1415.2
_bC82s
100 1 _aCotter, David W.
245 1 0 _aThe study of Job 4-5 in the light of contemporary literary theory /
_cDavid W. Cotter.
260 _aGeorgia :
_bScholars Press,
_cc1992.
300 _axi, 259 p.
490 1 _aSBL disseration series;
_v124
504 _aSelect. biblio: pp. 247-259
650 4 _aBible. O.T. Job
_xCriticism, interpretation, etc.
650 4 _aHebrew poetry, Biblical
_xHistory and criticism.
740 0 2 _aStudy of Job four-five in the light of contemporary literary theory
950 0 _4.00
951 _p24026
_x00010751
_oBS1415.2/C82s
_j070613111009531
_d2000-12-21
_cGC
999 _c4431
_d4431